| 000 | 005710000a22001210004500 | ||
|---|---|---|---|
| 100 | 1 | _aPadilla Deborst, Ruth | |
| 245 | 1 | 0 | _aLiving creation-community in God´s world today |
| 300 | _aVol.5, no.1 (2010), p. 56-72 | ||
| 520 | _aHemos escuchado las poderosas historias del Génesis reveladas a Moisés, la historia que explica quienes somos como parte de la creación y quien es Dios. . Hemos escuchado la historia de Noé de un segundo comienzo, donde una vez más Dios estaba allí. | ||
| 650 | 1 | 4 | _aCREACIÓN |
| 773 | 0 | _tJournal of latin American theology | |
| 942 | _cANA | ||
| 999 |
_c63413 _d63413 |
||